Efficiency of cable insulation control in weak and strong electric fields; Лингвистика и межкультурная коммуникация: теоретические и методологические проблемы современного образования

Bibliografiske detaljer
Parent link:Лингвистика и межкультурная коммуникация: теоретические и методологические проблемы современного образования.— 2014.— [С. 91-93]
Hovedforfatter: Starikova N. S. Nadezhda Sergeevna
Institution som forfatter: Национальный исследовательский Томский политехнический университет (ТПУ) Институт неразрушающего контроля (ИНК) Кафедра информационно-измерительной техники (ИИТ)
Summary:Заглавие с экрана
Sprog:engelsk
Udgivet: 2014
Serier:Научно-исследовательская работа молодежи в условиях современного образовательного процесса в вузах России: опыт, традиции, новые формы, проблемы, перспективы. Наука и инновации
Fag:
Online adgang:http://earchive.tpu.ru/handle/11683/21589
http://www.lib.tpu.ru/fulltext/c/2014/C78/038.pdf
Format: MixedMaterials Electronisk Book Chapter
KOHA link:https://koha.lib.tpu.ru/cgi-bin/koha/opac-detail.pl?biblionumber=607874

MARC

LEADER 00000naa2a2200000 4500
001 607874
005 20260313163422.0
035 |a (RuTPU)RU\TPU\conf\5280 
035 |a RU\TPU\conf\5279 
090 |a 607874 
100 |a 20140903d2014 k||y0rusy50 ba 
101 0 |a eng 
102 |a RU 
135 |a drcn ---uucaa 
181 0 |a i  
182 0 |a b 
200 1 |a Efficiency of cable insulation control in weak and strong electric fields  |f N. S. Starikova 
203 |a Текст  |c электронный 
215 |a 1 файл (184 Кб) 
225 1 |a Научно-исследовательская работа молодежи в условиях современного образовательного процесса в вузах России: опыт, традиции, новые формы, проблемы, перспективы. Наука и инновации 
300 |a Заглавие с экрана 
320 |a [Библиогр.: с. 93 (2 назв.)] 
337 |a Adobe Reader 
463 1 |0 (RuTPU)RU\TPU\conf\5123  |t Лингвистика и межкультурная коммуникация: теоретические и методологические проблемы современного образования  |o сборник трудов II Российской научно-практический конференции с международным участием, г. Томск, 14-16 мая 2014 г.  |f Национальный исследовательский Томский политехнический университет (ТПУ)  |v [С. 91-93]  |d 2014 
610 1 |a электронный ресурс 
610 1 |a труды учёных ТПУ 
610 1 |a эффективность 
610 1 |a контроль 
610 1 |a изоляция 
610 1 |a кабели 
610 1 |a слабые поля 
610 1 |a сильные поля 
610 1 |a электрические поля 
700 1 |a Starikova  |b N. S.  |c specialist in the field of non-destructive testing  |c Engineer of Tomsk Polytechnic University  |f 1990-  |g Nadezhda Sergeevna  |3 (RuTPU)RU\TPU\pers\32605 
712 0 2 |a Национальный исследовательский Томский политехнический университет (ТПУ)  |b Институт неразрушающего контроля (ИНК)  |b Кафедра информационно-измерительной техники (ИИТ)  |3 (RuTPU)RU\TPU\col\18718 
801 1 |a RU  |b 63413507  |c 20101016 
801 2 |a RU  |b 63413507  |c 20220211  |g RCR 
856 4 |u http://earchive.tpu.ru/handle/11683/21589 
856 4 |u http://www.lib.tpu.ru/fulltext/c/2014/C78/038.pdf 
942 |c BK